Countries on the Equator - Statistics

General Stats
  • This quiz has been taken 140,866 times
    140,843 since last reset
  • The average score is 8 of 11
Answer Stats
Country % Correct
Brazil
94%
Ecuador
88%
Democratic Republic of the Congo
87%
Indonesia
85%
Republic of the Congo
83%
Kenya
78%
Colombia
76%
Uganda
64%
Gabon
61%
Somalia
59%
São Tomé and Príncipe
32%
No matching quizzes found
Score Distribution
Percent of People with Each Score
Percentile by Number Answered
Your Score History
You have not taken this quiz since the last reset